000 01398cam a22001934a 4500
005 20250605164342.0
008 250528s ||||||||||||||||||||||||d
035 _a23634
040 _aGR-AtMCL
_bgre
_dGR-AtMCL
_eAACR2
245 1 _aBenchmarking Αλυσίδας Εφοδιασμού
260 _c2011
300 _a40
520 _aΕυχαριστίες, Εισαγωγή, Αλυσίδα Εφοδιασμού - Logistics, Πεδία Εφαρμογής, Εφοδιαστική Αλυσίδα, Πληροφοριακά Συστήματα, Περιγραφή Συγκριτικής Αξιολόγησης και η Τεχνική της, Στόχοι και Μεθοδολογία της Τεχνικής Αξιολόγησης, Εφαρμογή, Διαδικασία Εφαρμογής, Καταγραφή και Ανάλυση Αποτελεσμάτων, Παρουσίαση Εταιρίας, Έλεγχος και Διαχείριση Αποθεμάτων, Διαδικασία Διακίνησης Προϊόντων και Reverse Logistics, Αποτελέσματα και Προτάσεις Βελτιστοποίησης, Συμπεράσματα, Πίνακας Σχημάτων, Βιβλιογραφία.
700 1 _aΚαραβαγγέλη Μίργιαμ
_99227
700 1 _aΠρόντζας Παναγιώτης
_99225
942 _cDS
999 _c8631
_d8631